INTERPRETÁCIA A APLIKÁCIA PRÁVA V KONTEXTE KONANIA O PREDBEŽNEJ OTÁZKE PRED SÚDNYM DVOROM EURÓPSKYCH SPOLOČENSTIEV

Bibliographic Details
Main Author: Ježová, Daniela, 1981- (Author)
Format: Article
Language:Slovak
ISBN:9788071603085
Subjects:

MARC

LEADER 00000naa a2200000 a 4500
001 vtls011854299
003 SK-MaSNL
005 20260302133047.0
008 210910|2011 xo |||||||||||||||||slo|
015 |a SNBCL 
035 |a (urnnbn)urn:nbn:sk:snk:ar-a0ayuv 
035 |a urn:nbn:sk:snk-aaw8jq 
035 |a (uuid)9333971d-438c-4287-8b65-7532843802c6 
040 |a SNKBUCL  |b slo  |c SNKBUCL  |e AACR2 
041 |a slo 
044 |a xo  |c SK 
100 1 |a Ježová, Daniela,  |d 1981-  |4 aut  |9 197865 
245 1 0 |a INTERPRETÁCIA A APLIKÁCIA PRÁVA V KONTEXTE KONANIA O PREDBEŽNEJ OTÁZKE PRED SÚDNYM DVOROM EURÓPSKYCH SPOLOČENSTIEV  |c Daniela Ježová 
246 3 |a INTERPRETATION AND APLICATION OF LAW WITHIN THE PRELIMINARY RULING 
336 |a text  |b txt  |c rdacontent 
337 |a bez média  |b n  |c rdamedia 
338 |a zväzok  |b nc  |c rdacarrier 
655 7 |a články zo zborníkov  |2 snkbucl  |9 166140 
773 0 |t Míľniky práva v stredoeurópskom priestore 2010  |d Bratislava : Univerzita Komenského, Právnická fakulta, 2011  |g S. [901]-910  |z 9788071603085 
958 |a OND 
958 |a article26 
958 |a chapter 
999 |c 1315212  |d 1317142